Sports Quiz

Random Sports or Soccer Quiz

2018 World Cup Teams Quiz Stats

 Plays Quiz Updated Jun 14, 2018

Score 0/32 Timer 05:00
370 Plays Today
Hint Answer % Correct
South America (CONMEBOL)Brazil
96.3%
South America (CONMEBOL)Argentina
95.4%
Europe (UEFA)France
94.6%
North America (CONCACAF)Mexico
93.6%
Europe (UEFA)Germany
93.2%
Europe (UEFA)England
92.6%
Europe (UEFA)Spain
92.6%
Asia (AFC)Japan
90.3%
Europe (UEFA)Portugal
89.2%
Europe (UEFA)Russia
89.1%
South America (CONMEBOL)Uruguay
85.9%
Africa (CAF)Egypt
85.3%
Europe (UEFA)Belgium
85.2%
Europe (UEFA)Sweden
84.7%
South America (CONMEBOL)Colombia
84.5%
Asia (AFC)South Korea
83.3%
Hint Answer % Correct
South America (CONMEBOL)Peru
83.2%
North America (CONCACAF)Panama
82.1%
Europe (UEFA)Denmark
81.7%
Africa (CAF)Nigeria
80.7%
Europe (UEFA)Croatia
80.3%
Asia (AFC)Australia
75.4%
North America (CONCACAF)Costa Rica
75.3%
Europe (UEFA)Switzerland
74.2%
Europe (UEFA)Iceland
74%
Europe (UEFA)Poland
73.5%
Asia (AFC)Iran
71.8%
Asia (AFC)Saudi Arabia
69.1%
Africa (CAF)Morocco
68.4%
Africa (CAF)Senegal
68.2%
Europe (UEFA)Serbia
65.3%
Africa (CAF)Tunisia
64.2%

You're not logged in!

Compare scores with friends on all Sporcle quizzes.
OR
Log In

Sporcle TV

Today on Sporcle TV


Watch our educational content, quiz creation guides, and fun videos on Sporcle TV.

Show Comments

Extras

Top Quizzes Today


Score Distribution

Your Account Isn't Verified!

In order to create a playlist on Sporcle, you need to verify the email address you used during registration. Go to your Sporcle Settings to finish the process.

Report this User

Report this user for behavior that violates our Community Guidelines.

Details: